000
00302nam a22001337a 4500
008
170412b xxu||||| |||| 00| 0 eng d
020
_a
9780815169550
041
_a
eng
080
_2
3 ED
_a
618
100
_a
10
101
_a
SHM
245
_a
COMPREHENSIVE GYNECOLOGY
_c
MISHELL.R.D
942
_2
udc
_c
BK
999
_c
10524
_d
10524